Foreign Missionary (Record no. 13063)

MARC details
000 -LEADER
fixed length control field 00577nam a2200241 a 4500
020 ## - INTERNATIONAL STANDARD BOOK NUMBER
ISBN
082 00 - DEWEY DECIMAL CLASSIFICATION NUMBER
Classification number 266.023
Author Cutter BRO
100 ## - MAIN ENTRY--AUTHOR NAME
Author name Brown, Authur Judson
245 ## - TITLE STATEMENT
Title Foreign Missionary
260 ## - PUBLICATION, DISTRIBUTION, ETC. (IMPRINT)
Place of publication London
Name of publisher Fleming H Revell Compant
Year of publication 1932
300 ## - PHYSICAL DESCRIPTION
Number of Pages 412p
500 ## - GENERAL NOTE
General note includes index and biblioraphy
505 2# - FORMATTED CONTENTS NOTE
Formatted contents note Index
650 ## - SUBJECT ADDED ENTRY--TOPICAL TERM
Topical Term Missions
942 ## - ADDED ENTRY ELEMENTS (KOHA)
Koha item type Books
700 1# -
-- Brown, Authur Judson
Holdings
Collection code Home library Current library Date acquired Cost, normal purchase price Full call number Accession Number Koha item type
  Henry Martyn Institute Library Henry Martyn Institute Library 07/12/2007 100.00 266.023 BRO 016371 Books
                   Copyright © 2026 | Henry Martyn Institute | Hyderabad | TS-500052 | INDIA | Implemented by hmi.edu.in
Hit-Count:

Powered by Koha